| 000 | 00574nam a22001817a 4500 | ||
|---|---|---|---|
| 999 |
_c172358 _d172358 |
||
| 005 | 20200203160729.0 | ||
| 010 | _aA-326663 | ||
| 020 | _c20.00 | ||
| 035 | _aA-326663 | ||
| 037 | _bBPPD/Pub. | ||
| 082 | _a921 | ||
| 100 | _aجعفری ناسیر | ||
| 245 |
_aمولانا عبد الرزاق ملیح آبادی بخشیت صحافی / _cجعفری ناسیر |
||
| 246 |
_aMaulana Abdul Razak Milhi Abadi Bakhshiyat Sahafi / _bby Jafri Nasir |
||
| 260 |
_a- _bNahid Jafri _c1987 ء |
||
| 300 |
_a112p. _c22cm(Hb) |
||
| 942 |
_2ddc _cUR _h921 _mج ع ف |
||